000 00655nam a2200277Ia 4500
005 20260324112956.0
008 008 260324s9999 xx 000 0 eng d
020 _a9781032629933
037 _aEBOOK
040 _aCRL
040 _beng
040 _cCRL
041 _2eng
041 _aeng
084 _qCRL
100 _aJaved N. Sheikh; M. D. Teli
_91144914
245 0 _aSustainable Textile Chemical Processing
260 _bTaylor and Francis
260 _c2024
365 _a
365 _b355
856 _uhttp://www.taylorfrancis.com/books/9781032629933
942 _cEBOOK
999 _c1734318
_d1734318